000 00394nam a2200121Ia 4500
005 20260328101530.0
008 260328s9999||||xx |||||||||||||| ||und||
100 _aMartínez de Samper, Yolanda
245 0 _aCasas por esfuerzo propio y ayuda mutua en el barrio "La Fragua", Bogotá - Colombia /
_cYolanda Martínez de Samper
260 _bAndes
650 _aARQUITECTURA RESIDENCIAL
942 _cBK
999 _c9962
_d9962